000
00312nam a22001457a 4500
008
180814b xxu||||| |||| 00| 0 eng d
020
_a
9780073382784
041
_a
eng
080
_a
159.9
082
_a
159.9
100
_a
48
101
_a
PSI
245
_a
ab normal psychology
_c
Hoeksema
942
_2
udc
_c
BK
999
_c
47166
_d
47166